000 00567nam a2200205 4500
003 OSt
005 20240621081325.0
006 a
008 240621b |||||||| |||| 00| 0 eng d
020 _a9715100945
040 _aDWCL-Main lib.
_cOC
082 _2Revised edition
_aFil. 470 F634l 1994
100 _aFloresca, Constante C.
245 _aLatin in one year /
250 _aRevised edition
260 _aManila :
_bLogas Pub., Inc.,
_cc1994.
300 _b87 p.;
_c22 cm.
650 _a1. Latin language I.
942 _2ddc
_n0
_cBK - FIL
_eRevised edition
_kFil.
999 _c1100
_d1100